000 00593nam a2200217Ia 4500
005 20250508165019.0
008 008 250505s9999 xx 000 0 hin d
020 _a9788189059064
037 _aTextual
040 _aFEDL
_beng
_cFEDL
041 _ahin
_2eng
084 _a155.4, SUK
_qFEDL
100 _aSukhomlinsky Vasili
_9779701
245 0 _aBal hrdey ki gharaiyan
260 _aNew Delhi, India
_bPupils Publishing House (Pvt.) Ltd.
_c1979
300 _a351p.
365 _aINR
_b20
546 _aMACESE
942 _cTEXL
_h155.4, SUK
999 _c1392655
_d1392655